000 00965nam0a22002651 4500
001 rc\28832
005 20250620152439.0
035 _a(NLR Aleph) 005314869
090 _a6424988
_c6424988
100 _a20021216d1993 |||y0rusy50 ca
101 0 _arus
_aeng
102 _aRU
105 _aa |||||||||
200 1 _aПетербург в фотографиях Ильи Наровлянского
_dViews of St.-Petersburg by I. Narovliansky
_e[Фотоальбом]
210 _aСПб.
_cPale a
_d1993
215 _a[15], 56 с.
_cил.
_d21
300 _aТекст парал. на рус. и англ. яз.
510 0 _aViews of St.-Petersburg by I. Narovliansky
700 1 _aНаровлянский
_bИ. А.
_f1921-2000
_gИлья Авраамович
_9206355
_3RU\NLR\AUTH\770206407
801 0 _aRU
_bNLR
_gpsbo
801 1 _aRU
_bELAR
_2rusmarc
801 2 _aRU
_bNLR
_c20190527
_2rusmarc
852 _aNLR
_bЭ
_jАлИс588,1/1-Н300
942 _cBOOK
980 _aNB